La búsqueda del cero absoluto : el significado de la física de las bajas temperaturas

Bibliographic Details
Main Author: Mendelssohn, K
Format: Section = Libro
Language:Undetermined
Spanish
Published: Madrid, España Guadarrama 1965
Subjects:
LEADER 00490nam a2200169Ia 4500
008 240829s9999 xx 000 0 und d
040 |a BIBLIOTECA-RUSB/ 536.56 M537 
041 |a spa 
082 |a 536.56 M537 
100 1 |a Mendelssohn, K 
245 1 0 |a La búsqueda del cero absoluto : el significado de la física de las bajas temperaturas 
260 |a Madrid, España  |b Guadarrama  |c 1965 
300 |a 255 p. :il. 
650 7 |a TEMPERATURAS BAJAS 
942 |c BK  |2 ddc 
991 |a TEXTO 
999 |c 2111